000 00238nam a2200109 4500
999 _c10676
_d10676
003 OSt
005 20220512170811.0
008 220512b ||||| |||| 00| 0 eng d
082 _a378.1662
245 _aManual for the GRE test
942 _2ddc